| 000 | 00944nam a22002177a 4500 | ||
|---|---|---|---|
| 999 |
_c11799 _d11799 |
||
| 003 | AR-CdUCM | ||
| 008 | 190405b ||||| |||| 00| 0 spa d | ||
| 040 |
_aMUNICIPALIDAD PROVINCIAL DEL CUSCO _cBIBLIOTECA MUNICIPAL DEL CUSCO |
||
| 082 |
_22ed. _a301.1 / _bK79 / 1871 |
||
| 100 |
_aKrause, K. Chr. F. _929346 |
||
| 245 | _aIdeal de la humanidad para la vida / | ||
| 260 |
_aMadrid : _bImpr. de F. Martínez García, _c1871. |
||
| 300 |
_a352 páginas ; _c19 cm. |
||
| 505 | _aContenido: Importancia de considerar la idea de humanidad -- El hombre -- Idea de las principales instituciones hoy existentes en la sociedad humana -- Las instituciones hoy activas de la sociedad humana no llenan el destino total dela humanidad ... | ||
| 650 |
_aSociología _9276 |
||
| 650 |
_aAntropología filosófica _912049 |
||
| 650 |
_aÉtica social _916288 |
||
| 700 |
_aSanz del Río, Julián _929347 |
||
| 942 |
_2ddc _cLIBROS |
||
| 945 |
_aacv _d05/04/2019 |
||